Wszystkie znaki ostrzegawcze BHP - Statystyki

Ogólne statystyki
  • Ten quiz został rozwiązany 18 razy
  • Średni wynik to 5 z 67
Statystyki odpowiedzi
Obrazkowy Odpowiedź % Poprawnych
Ogólny znak ostrzegawczy
60%
Promieniowanie nadfioletowe
60%
Ostrzeżenie przed substancjami łatwopalnymi
30%
materiał wybuchowy
20%
Ostrzeżenie przed wiązką laserową
20%
Ostrzeżenie przed zgnieceniem dłoni
20%
Wirujące elementy
20%
Butle z gazem
10%
Elementy ruchome
10%
ograniczenie wysokości
10%
Ostrzeżenie przed automatycznym uruchamianiem się
10%
Ostrzeżenie przed bykiem
10%
Ostrzeżenie przed gorącą powierzchnią
10%
Ostrzeżenie przed kruchym dachem
10%
Ostrzeżenie przed materiałami toksycznymi
10%
Ostrzeżenie przed materiałem radioaktywnym lub promieniowaniem jonizującym
10%
Ostrzeżenie przed nagłym hałasem
10%
Ostrzeżenie przed niebezpieczeństwem potknięcia się
10%
Ostrzeżenie przed niską temperaturą
10%
Ostrzeżenie przed promieniowaniem niejonizującym
10%
Ostrzeżenie przed silnym polem magnetycznym
10%
Ostrzeżenie przed skażeniem biologicznym
10%
Ostrzeżenie przed śliską powierzchnią
10%
Ostrzeżenie przed spadającymi elementami
10%
Ostrzeżenie przed spadnięciem
10%
Ostrzeżenie przed substancjami żrącymi
10%
Ostrzeżenie przed urządzeniami do transportu poziomego
10%
Ostrzeżenie przed zgnieceniem bocznym
10%
Ostrzeżenie przed złym psem
10%
Hałas
0%
Krytyczny poziom tlenu w powietrzu
0%
miary przestrzeni bezpieczeństwa w nadszybiu i podszybiu pozycja kucna
0%
Ostrzeżenie przed błyskiem łukowym
0%
Ostrzeżenie przed butlami pod ciśnieniem
0%
Ostrzeżenie przed drutem kolczastym
0%
Ostrzeżenie przed ładowaniem baterii
0%
Ostrzeżenie przed meduzami
0%
Ostrzeżenie przed możliwością potrącenia przez maszynę zdalnie sterowaną
0%
Ostrzeżenie przed niebezpieczeństwem obcięcia palców
0%
Ostrzeżenie przed niskimi temperaturami
0%
Ostrzeżenie przed ostrymi elementami
0%
Ostrzeżenie przed osuwającym się śniegiem z dachu
0%
Ostrzeżenie przed porażeniem prądem elektrycznym
0%
Ostrzeżenie przed promieniowaniem optycznym
0%
Ostrzeżenie przed ruchomymi rolkami
0%
Ostrzeżenie przed silnym hałasem
0%
Ostrzeżenie przed spadającym lodem
0%
Ostrzeżenie przed stopniem
0%
Ostrzeżenie przed substancjami o właściwościach utleniających
0%
Ostrzeżenie przed substancjami promieniotwórczymi
0%
Ostrzeżenie przed szybkim ruchem materiału w giętarce
0%
Ostrzeżenie przed uderzeniem w głowę
0%
Ostrzeżenie przed wiszącymi przedmiotami
0%
Ostrzeżenie przed wpadnięciem do wody wchodząc na ruchomą platformę
0%
Ostrzeżenie przed wysokim ciśnieniem
0%
Ostrzeżenie przed wysokimi temperaturami
0%
Ostrzeżenie przed zgnieceniem dłoni między prasą i materiałem
0%
Ostrzeżenie przed zgnieceniem dłoni między prasą i stopą
0%
rampa lub przejazd kolejowy
0%
Ruchome elementy
0%
Strefa zagrożenia wybuchem
0%
Substancja lub mieszanina, która może stanowić zagrożenie dla środowiska
0%
Substancja lub mieszanina stanowiąca zagrożenie dla zdrowia
0%
Substancja szkodliwa lub drażniąca
0%
Uruchamia się automatycznie
0%
wymiary przestrzeni bezpieczeństwa w nadszybiu i podszybiu pozycja stojąca
0%
wymiary przestrzeni bezpieczeństwa w podszybiu pozycja leżąca
0%
Nie znaleziono quizów pasujących do podanych kryteriów
Rozkład punktacji
Procent ludzi z każdym wynikiem
Percentyl według liczby udzielonych odpowiedzi
Twoja historia wyników
Nie rozwiązałeś tego quizu